000 01101cam a22003257a 4500
003 CHAP
005 20220329142046.0
008 990511d1997 mx b r 00110 spa d
010 _a77774
011 _a78746
035 _a88800
040 _cCHAP
090 _aTesis
100 0 0 _aMorales Morales, Diego David.
_978346
245 0 _aSituación de la ganaderia bovina en la región del centro de Tabasco
_c/por Diego David Morales Morales
260 _aCocula, Gro. :
_bEl autor,
_c1997.
300 _a84 h. :
_bmapas
502 _aTesis (Ing. Agr. Esp. en Ciencia Animal) -- Colegio Superior de Agricultura Tropical
590 _aALEPH
_b10
_c20130110
_lUCH01
_h1429
590 _aBATCH-UPD
_b10
_c20130110
_lUCH01
_h1311
590 _aBATCH-UPD
_b10
_c20130410
_lUCH01
_h0825
590 _aBATCH-UPD
_b10
_c20130914
_lUCH01
_h1502
590 _aCONVERSION
_b10
_c20130109
_lUCH01
_h1343
650 1 4 _aGanadería
_zTabasco.
_944869
650 1 4 _aGanado vacuno
_zTabasco.
_945533
901 _aBK
905 _aMayto Villalobos S.
942 _cTESIS
949 _bBC
_cTES
_d888001
_eTS1
_h34010
_i88800
_sb
999 _c77774
_d77774